[Event "42nd Olympiad 2016"]
[Site "Baku AZE"]
[Date "2016.09.12"]
[Round "10.76"]
[Board "2"]
[White "Luxama, Jacques Muller"]
[Black "Knowles, Kendrick"]
[Result "0-1"]
[WhiteTitle "CM"]
[BlackTitle "CM"]
[WhiteElo "2024"]
[BlackElo "1825"]
[WhiteTeam "Haiti"]
[BlackTeam "Bahamas"]
[WhiteFideId "11900113"]
[BlackFideId "10400451"]
[EventDate "2016.09.02"]

1. d4 Nf6 2. c4 e6 3. Nf3 Bb4+ 4. Bd2 Be7 5. Nc3 d5 6. e3 b6 7. cxd5 exd5 8. Bd3
Bb7 9. Qa4+ c6 10. O-O Nbd7 11. b4 O-O 12. Rfc1 Re8 13. Rab1 a5 14. bxa5 Rxa5
15. Qb3 Ra3 16. Qc2 Qa8 17. Rb3 Ra7 18. Ne5 g6 19. Nxd7 Nxd7 20. Rcb1 Bd6 21.
Qd1 Qb8 22. h3 Ba6 23. Bxa6 Rxa6 24. Qg4 f5 25. Qe2 Qc8 26. Qd3 Ra7 27. f3 Qa6
28. Qxa6 Rxa6 29. Kf2 b5 30. R3b2 Nb6 31. Rc2 Nc4 32. Bc1 Ba3 33. Re2 Rea8 34.
Bxa3 Rxa3 35. Rc2 Re8 36. Nd1 Rd3 37. Re2 Kg7 38. g3 Kf6 39. Rc1 Ra8 40. Nb2
Rda3 41. Nxc4 dxc4 42. Rcc2 c3 43. e4 b4 44. d5 cxd5 45. exd5 Rxa2 46. Rxa2 Rxa2
47. Rxa2 b3 48. Ra6+ Ke5 49. d6 Ke6 50. Rb6 c2 51. Rc6 b2 52. Rxc2 b1=Q 53. Rd2
Kd7 54. f4 Qh1 55. Rd3 Qh2+ 56. Ke1 Qxh3 57. Kd2 Qg2+ 58. Kc3 Qc6+ 59. Kd4 Kxd6
60. Ke3+ Ke6 0-1

[Event "42nd Olympiad 2016"]
[Site "Baku AZE"]
[Date "2016.09.12"]
[Round "10.76"]
[Board "3"]
[White "Cox, Valentine"]
[Black "Pierre, Jn Claude"]
[Result "1/2-1/2"]
[WhiteElo "1867"]
[BlackElo "1912"]
[WhiteTeam "Bahamas"]
[BlackTeam "Haiti"]
[WhiteFideId "10400095"]
[BlackFideId "11900253"]
[EventDate "2016.09.02"]

1. e4 c5 2. Nf3 d6 3. d4 cxd4 4. Nxd4 Nf6 5. Nc3 a6 6. Be2 e5 7. Nb3 Be7 8. Be3
O-O 9. Qd2 b5 10. f3 Bb7 11. O-O-O Nc6 12. g4 Na5 13. Nxa5 Qxa5 14. Kb1 b4 15.
Nd5 Nxd5 16. exd5 Rfc8 17. a3 Qc7 18. axb4 Qd7 19. h4 a5 20. b5 a4 21. h5 a3 22.
b3 Bd8 23. Rc1 Ba5 24. b4 a2+ 25. Ka1 Bd8 26. g5 f5 27. gxf6 Bxf6 28. Rhg1 Qc7
29. c4 Kh8 30. Bg5 Qe7 31. Bxf6 Qxf6 32. Qg5 Qxg5 33. Rxg5 Bxd5 34. f4 h6 35.
Rg6 Be4 36. Rxd6 exf4 37. Bd3 Bg2 38. Ra6 f3 39. Bf1 Rab8 40. Rc6 Rf8 41. Rg6
Bxf1 42. Rxf1 Rbe8 43. Kxa2 f2 44. Rd6 Re2+ 45. Kb1 Re1+ 46. Rd1 Rxd1+ 47. Rxd1
f1=Q 48. Rxf1 Rxf1+ 49. Kc2 Rf2+ 50. Kb3 g5 51. hxg6 h5 52. b6 h4 53. b7 Rf8 54.
c5 h3 55. c6 h2 56. c7 h1=Q 57. c8=Q Qf3+ 58. Ka4 Qd1+ 59. Ka5 Qa1+ 60. Kb5 Qe5+
61. Kb6 Qd4+ 62. Ka5 Qa1+ 63. Kb5 Qf1+ 64. Kb6 Qf2+ 65. Ka6 Qf6+ 66. Ka7 Qd4+
67. Qc5 Qa1+ 68. Qa5 Qd4+ 69. Qc5 Qa1+ 70. Qa5 Qd4+ 1/2-1/2

[Event "42nd Olympiad 2016"]
[Site "Baku AZE"]
[Date "2016.09.12"]
[Round "10.78"]
[Board "1"]
[White "Anquandah, Francis Eric"]
[Black "Mdoe, Yusuf"]
[Result "1-0"]
[WhiteTitle "IM"]
[BlackTitle "CM"]
[WhiteElo "1951"]
[BlackElo "1758"]
[WhiteTeam "Ghana"]
[BlackTeam "Tanzania"]
[WhiteFideId "12600148"]
[BlackFideId "10002235"]
[EventDate "2016.09.02"]

1. e4 e5 2. Nf3 Nc6 3. Bc4 Nf6 4. Ng5 d5 5. exd5 Nxd5 6. Qf3 Be6 7. Nxe6 fxe6 8.
Nc3 Nd4 9. Qh5+ g6 10. Qxe5 Qf6 11. Qxf6 Nxf6 12. Nb5 Nxb5 13. Bxb5+ c6 14. Bc4
Kf7 15. O-O Bc5 16. c3 a5 17. d4 Bd6 18. a4 h6 19. Bd2 g5 20. f4 Ke7 21. Rae1
Nd5 22. f5 Raf8 23. Rxe6+ Kd7 24. Ba2 Ne7 25. Re4 Rf6 26. Be6+ Kc7 27. c4 c5 28.
Bxa5+ b6 29. Bc3 cxd4 30. Bxd4 Bc5 31. b4 Bxd4+ 32. Rxd4 Nc6 33. Rd7+ Kb8 34. c5
Nd8 35. cxb6 Nxe6 36. Rd6 Re8 37. g4 Ref8 38. Rxe6 Kb7 39. a5 h5 40. Rxf6 Rxf6
41. h3 hxg4 42. hxg4 Ka6 43. Re1 Rd6 44. Re4 Rd3 45. Kf2 Rd6 46. Ke3 Rc6 47. Kd3
Rh6 48. Kc4 Rc6+ 49. Kd5 Rc8 50. f6 Kb7 51. f7 Rd8+ 52. Ke6 Kc6 53. Ke7 1-0

[Event "42nd Olympiad 2016"]
[Site "Baku AZE"]
[Date "2016.09.12"]
[Round "10.78"]
[Board "2"]
[White "Mwanyika, Geoffrey"]
[Black "Hasford, John Kojo"]
[Result "0-1"]
[WhiteElo "1850"]
[BlackElo "1970"]
[WhiteTeam "Tanzania"]
[BlackTeam "Ghana"]
[WhiteFideId "10002294"]
[BlackFideId "12600083"]
[EventDate "2016.09.02"]

1. f4 Nf6 2. Nf3 g6 3. b3 Bg7 4. Bb2 O-O 5. e3 d6 6. h3 Nc6 7. d3 Re8 8. Be2 e5
9. O-O exf4 10. exf4 Qe7 11. Rf2 a6 12. Bf1 Bd7 13. Nbd2 Qe3 14. g3 b5 15. Qe1
Qb6 16. Qd1 Ng4 17. hxg4 Bxb2 18. Rb1 Bg7 19. g5 Bg4 20. Bg2 Nd4 21. Kf1 Nf5 22.
Ne4 Ne3+ 23. Kg1 Nxd1 24. Rxd1 d5 25. Nf6+ Bxf6 26. gxf6 Re2 27. d4 Rxf2 28.
Kxf2 c5 29. c3 b4 30. Rh1 Bxf3 31. Bxf3 cxd4 32. cxb4 d3+ 33. Kg2 Rc8 34. Re1 d2
35. Re7 Qxf6 36. Rd7 Qe6 37. Ra7 Rc3 38. Ra8+ Kg7 39. Rd8 Rxf3 40. Kxf3 d1=Q+
41. Kg2 Qee2+ 42. Kh3 Qh1# 0-1

[Event "42nd Olympiad 2016"]
[Site "Baku AZE"]
[Date "2016.09.12"]
[Round "10.79"]
[Board "3"]
[White "Simelane, Wandile"]
[Black "Marko, Helmut"]
[Result "0-1"]
[BlackTitle "CM"]
[WhiteElo "1615"]
[BlackElo "1939"]
[WhiteTeam "Swaziland"]
[BlackTeam "Papua New Guinea"]
[WhiteFideId "20700210"]
[BlackFideId "9100032"]
[EventDate "2016.09.02"]

1. e4 c5 2. Nf3 Nc6 3. d4 cxd4 4. Nxd4 g6 5. Nc3 Bg7 6. Be3 d6 7. Nxc6 bxc6 8.
Qd2 Nf6 9. Bc4 O-O 10. Bh6 Qb6 11. Bb3 Bxh6 12. Qxh6 Qxf2+ 13. Kxf2 Ng4+ 14. Kg3
Nxh6 15. Rhe1 Be6 16. Bxe6 fxe6 17. Rf1 Nf7 18. Rae1 Ne5 19. Rxf8+ Rxf8 20. Ne2
c5 21. Nf4 Rf6 22. Re3 g5 23. Ne2 h5 24. h3 h4+ 25. Kh2 Nc4 26. Rb3 Rf2 27. Ng1
Rxc2 28. Nf3 Rxb2 29. Rxb2 Nxb2 30. Nxg5 c4 31. Nxe6 Kf7 32. Nd4 c3 33. g3 e5
34. Nc2 Nd3 35. Kg2 a5 36. a3 Nc5 37. gxh4 Nxe4 38. Kf3 d5 39. Ke3 Nc5 40. Ne1
d4+ 41. Ke2 e4 42. Ng2 Kg6 43. Nf4+ Kf5 44. Nd5 Ne6 45. h5 d3+ 46. Kd1 c2+ 47.
Kd2 Nc5 48. Ne3+ Kg5 49. Nxc2 dxc2 50. Kxc2 Kxh5 51. Kd2 Kh4 52. Ke3 Kxh3 53.
Kd4 Kg3 54. Ke3 a4 55. Kd4 Kf4 56. Kxc5 e3 57. Kb4 e2 0-1

[Event "42nd Olympiad 2016"]
[Site "Baku AZE"]
[Date "2016.09.12"]
[Round "10.80"]
[Board "1"]
[White "Amewounou, Komlan Kouessan"]
[Black "Bah, Ebrima"]
[Result "0-1"]
[BlackTitle "CM"]
[WhiteElo "1798"]
[BlackElo "2054"]
[WhiteTeam "Togo"]
[BlackTeam "Gambia"]
[WhiteFideId "21200017"]
[BlackFideId "21100039"]
[EventDate "2016.09.02"]

1. d4 Nf6 2. Nf3 g6 3. g3 Bg7 4. Bg2 d5 5. O-O Nc6 6. c3 Bg4 7. Re1 Qd7 8. Qb3
O-O-O 9. Ne5 Nxe5 10. dxe5 Ng8 11. e4 Be6 12. Qc2 h5 13. Bg5 f6 14. exf6 Bxf6
15. Bxf6 Nxf6 16. exd5 Bxd5 17. Bxd5 Qxd5 18. Na3 h4 19. Rad1 Qf3 20. Qe2 Rxd1
21. Qxd1 Qc6 22. Qe2 hxg3 23. fxg3 Qc5+ 24. Kh1 Qd5+ 25. Kg1 Qc5+ 26. Qe3 Qxe3+
27. Rxe3 Rxh2 28. Rxe7 Rxb2 29. Rg7 Rxa2 30. Nb5 Ne8 31. Rxg6 Kd7 32. Rg4 a6 33.
Rd4+ Kc6 34. Na7+ Kc5 35. Nc8 Rc2 36. Re4 Nd6 37. Nxd6 cxd6 38. Re7 Rxc3 39.
Rxb7 Rxg3+ 40. Kf2 Rg4 41. Ke3 d5 42. Ra7 Rg3+ 43. Kd2 Ra3 44. Rh7 a5 45. Kc2 a4
46. Kb2 Rb3+ 47. Ka2 d4 48. Ra7 Kb4 49. Rc7 d3 50. Rc8 d2 51. Rd8 Kc3 52. Rc8+
Kd3 53. Rd8+ Ke2 54. Re8+ Re3 0-1

[Event "42nd Olympiad 2016"]
[Site "Baku AZE"]
[Date "2016.09.12"]
[Round "10.81"]
[Board "1"]
[White "Suringa Jr, Paquito"]
[Black "Gontcharov, Serguei"]
[Result "0-1"]
[WhiteElo "1712"]
[BlackElo "1793"]
[WhiteTeam "Palau"]
[BlackTeam "Bermuda"]
[WhiteFideId "16600134"]
[BlackFideId "8800871"]
[EventDate "2016.09.02"]

1. d4 Nf6 2. c4 e5 3. Bg5 exd4 4. Qxd4 Be7 5. Nf3 Nc6 6. Qd1 d6 7. e3 Bg4 8. Be2
O-O 9. h3 Bf5 10. a3 h6 11. Bh4 a5 12. Nc3 Re8 13. O-O Qd7 14. Nh2 Ne4 15. Nxe4
Bxh4 16. Nc3 Ne5 17. Nd5 Rad8 18. Qd4 Ng6 19. Bd3 Bxd3 20. Qxd3 c6 21. Nc3 Ne5
22. Qe2 Qe6 23. b3 Bf6 24. Rad1 Nxc4 25. bxc4 Bxc3 26. Qd3 Bf6 27. Rb1 Rd7 28.
Ng4 Be7 29. a4 h5 30. Nh2 d5 31. Rfd1 Red8 32. cxd5 Rxd5 33. Qc2 Rxd1+ 34. Rxd1
Rxd1+ 35. Qxd1 b5 36. axb5 cxb5 37. Qxh5 Qc4 38. Qe5 Bf6 39. Qe8+ Kh7 40. g4 a4
41. Qd7 a3 42. Qf5+ Kg8 43. g5 a2 44. gxf6 a1=Q+ 45. Kg2 Qxf6 0-1

[Event "42nd Olympiad 2016"]
[Site "Baku AZE"]
[Date "2016.09.12"]
[Round "10.81"]
[Board "3"]
[White "Hernandez, Roberto PLW"]
[Black "Dacres, Don"]
[Result "0-1"]
[WhiteElo "1798"]
[BlackElo "1713"]
[WhiteTeam "Palau"]
[BlackTeam "Bermuda"]
[WhiteFideId "16600010"]
[BlackFideId "8800820"]
[EventDate "2016.09.02"]

1. f4 c5 2. e4 g6 3. Nf3 Bg7 4. e5 Nc6 5. Bc4 e6 6. c3 d5 7. exd6 Qxd6 8. d3
Nge7 9. O-O a6 10. Qe2 b5 11. Bb3 Bb7 12. Nbd2 Nb8 13. Ng5 Nd5 14. Nde4 Qe7 15.
c4 Bd4+ 16. Kh1 Nf6 17. Be3 Nc6 18. cxb5 axb5 19. Rac1 Nxe4 20. Nxe4 Bxe3 21.
Qxe3 Nd4 22. Nxc5 Nxb3 23. axb3 Bd5 24. Qe5 O-O 25. Rfe1 Qd8 26. Ne4 f6 27. Qc7
Bxe4 28. dxe4 Rf7 29. Qc5 Rb8 30. Red1 Rd7 31. Rxd7 Qxd7 32. Qc7 Rd8 33. h3 Qxc7
34. Rxc7 Rd1+ 35. Kh2 Rd4 36. Kg3 Rxe4 37. Kf3 Rb4 38. Rc3 h6 39. g3 g5 40. Kg4
f5+ 41. Kh5 gxf4 42. Kg6 Kf8 43. Kf6 Ke8 44. Kxe6 Kd8 45. Kxf5 fxg3 46. Rxg3 Rd4
47. Kg6 Rd6+ 48. Kh5 Ke7 49. Rg6 Rd3 50. h4 Rxb3 51. Rg2 Rh3 52. Rc2 Kf6 53.
Rc6+ Kg7 54. Rb6 Rb3 55. Rg6+ Kf7 56. Rg2 Rh3 57. Kg4 Rb3 58. Rf2+ Kg7 59. h5
Rb4+ 60. Kf5 Rh4 61. Rg2+ Kf7 62. Rf2 Kg7 63. Ke6 Rxh5 64. Rf7+ Kg6 65. Rb7 Rg5
66. Rb6 h5 67. Kd7+ Kg7 68. Kc6 Rg6+ 69. Kxb5 Rxb6+ 70. Kxb6 h4 71. b4 h3 72. b5
h2 73. Kc7 h1=Q 74. b6 Qc1+ 75. Kb8 Kf7 76. b7 Ke7 77. Ka7 Qc7 78. Ka8 Qa5+ 79.
Kb8 Kd6 0-1

[Event "42nd Olympiad 2016"]
[Site "Baku AZE"]
[Date "2016.09.12"]
[Round "10.84"]
[Board "1"]
[White "Vandenbussche, Thibaut"]
[Black "Meshkov, Yuri A."]
[Result "0-1"]
[WhiteTitle "IM"]
[BlackTitle "IM"]
[WhiteElo "2401"]
[BlackElo "2354"]
[WhiteTeam "Belgium"]
[BlackTeam "IBCA"]
[WhiteFideId "204412"]
[BlackFideId "4107101"]
[EventDate "2016.09.02"]

1. e4 c5 2. Nf3 d6 3. c3 Nf6 4. h3 Nc6 5. Bd3 g5 6. Be2 g4 7. hxg4 Bxg4 8. d4
cxd4 9. cxd4 d5 10. e5 Ne4 11. Be3 e6 12. Nbd2 Bb4 13. Kf1 Bxd2 14. Nxd2 Bxe2+
15. Qxe2 Nxd2+ 16. Qxd2 h5 17. Bg5 Qb6 18. Rd1 Qa6+ 19. Kg1 Qxa2 20. Qf4 Rh7 21.
b4 Qe2 22. Kh2 Qe4 23. Qf6 Qg6 24. Ra1 Qxf6 25. Bxf6 Nxd4 26. b5 Kd7 27. Rhd1
Nxb5 28. Rdb1 Kc6 29. Ra5 Nc3 30. Rb4 b6 31. Ra3 Ne4 32. Be7 Kb7 33. f3 Nd2 34.
Rh4 Nc4 35. Ra1 Nxe5 36. Bf6 Nd7 37. Bb2 f6 38. Re1 e5 39. f4 d4 40. g4 Rah8 41.
g5 fxg5 42. fxg5 Rg8 0-1

[Event "42nd Olympiad 2016"]
[Site "Baku AZE"]
[Date "2016.09.12"]
[Round "10.84"]
[Board "3"]
[White "Capone, Nicola"]
[Black "Mueller, Oliver"]
[Result "1-0"]
[WhiteTitle "FM"]
[BlackTitle "FM"]
[WhiteElo "2373"]
[BlackElo "2272"]
[WhiteTeam "Belgium"]
[BlackTeam "IBCA"]
[WhiteFideId "224715"]
[BlackFideId "4633385"]
[EventDate "2016.09.02"]

1. d4 Nf6 2. Nf3 e6 3. e3 c5 4. b3 Nc6 5. Bd3 d5 6. O-O Be7 7. Nbd2 O-O 8. a3
Qc7 9. Bb2 b6 10. Rc1 Bb7 11. dxc5 bxc5 12. c4 Rfd8 13. cxd5 exd5 14. Bxf6 Bxf6
15. Rxc5 Be7 16. Rc3 Bxa3 17. Nd4 Qb6 18. Nxc6 Bxc6 19. Qc2 Bb5 20. Bxb5 Qxb5
21. Nf3 Be7 22. Nd4 Qe8 23. Nc6 Rd7 24. Qd3 Bf6 25. Rc5 Qe6 26. Rfc1 g6 27. b4
Kg7 28. Rd1 Rc8 29. b5 Rdc7 30. Rxd5 a6 31. Rd6 Qf5 32. Qxf5 gxf5 33. Nb4 axb5
34. Nd5 Rc1 35. Nxf6 Rxd1+ 36. Rxd1 Kxf6 37. Kf1 Ke6 38. Rb1 Rc5 39. Ke2 Rc2+
40. Kf3 Rc5 41. Ke2 Ke5 42. Rb4 h6 43. h3 Rc2+ 44. Ke1 Rc5 45. g3 Rc1+ 46. Kd2
Rc5 47. Rb2 Kd5 48. Rb4 Ke5 49. f3 Rd5+ 50. Ke2 Kf6 51. Rb2 Ke5 52. Rb4 Kf6 53.
Rb2 Ke5 54. f4+ Ke6 55. g4 fxg4 56. hxg4 f5 57. gxf5+ Kxf5 58. Kf3 Rc5 59. Rd2
Ke6 60. Rb2 Kd6 61. Ke4 Ke6 62. Rg2 Kf6 63. Rb2 Ke6 64. Ra2 Rc6 65. Rh2 Kd7 66.
f5 b4 67. Rb2 Rb6 68. Rb3 Rb5 69. Kf4 Kd6 70. e4 h5 71. Kg5 Ke5 72. f6 Ke6+ 73.
Kg6 Rb7 74. Rf3 Rf7 75. e5 Rf8 76. Kg7 Rb8 77. f7 Kxe5 78. Rb3 h4 79. Rxb4 Rxb4
80. f8=Q Rf4 81. Qc5+ Ke4 82. Kg6 Kf3 83. Qc3+ Kg4 84. Qe3 h3 85. Qg1+ Kf3 86.
Kg5 Re4 87. Qh1+ Ke3 88. Qxh3+ Kd2 89. Kf5 Ra4 90. Qb3 Rd4 91. Ke5 Rh4 92. Qd5+
Ke3 93. Qd1 Kf2 94. Qd2+ Kf3 95. Qe1 Rg4 96. Qd1+ Kg3 97. Kf5 Rf4+ 98. Kg5 Rf3
99. Qg1+ 1-0

[Event "42nd Olympiad 2016"]
[Site "Baku AZE"]
[Date "2016.09.12"]
[Round "10.84"]
[Board "4"]
[White "Ross, Chris N"]
[Black "Hamblok, Roel"]
[Result "0-1"]
[WhiteTitle "CM"]
[BlackTitle "FM"]
[WhiteElo "2209"]
[BlackElo "2282"]
[WhiteTeam "IBCA"]
[BlackTeam "Belgium"]
[WhiteFideId "410411"]
[BlackFideId "209317"]
[EventDate "2016.09.02"]

1. e4 e5 2. Nf3 Nc6 3. Bb5 Nge7 4. O-O g6 5. c3 Bg7 6. d4 exd4 7. cxd4 d5 8.
exd5 Nxd5 9. Re1+ Be6 10. Bxc6+ bxc6 11. Bg5 Qb8 12. Qc1 O-O 13. Na3 Nb4 14. Qd2
a5 15. b3 Bd5 16. Re3 c5 17. Rc1 Bxf3 18. Rxf3 cxd4 19. Bh6 Bxh6 20. Qxh6 f6 21.
Qh4 Qd8 22. Nb5 c5 23. Rxc5 Rc8 24. Rxc8 Qxc8 25. h3 d3 26. Qd4 Qc1+ 27. Kh2 d2
28. Nc3 Nxa2 29. Qc4+ Kg7 30. Rd3 Qxc3 31. Qxc3 Nxc3 32. Rxd2 Rb8 33. Rd7+ Kh6
34. Ra7 Rb5 35. f3 g5 36. Kg3 Kg6 37. h4 Ne2+ 38. Kf2 Nd4 39. hxg5 Rxg5 40. g4
h5 41. gxh5+ Rxh5 42. Ke3 Nxb3 43. Ra8 Rb5 44. Kd3 Kf5 45. Kc4 Rb7 46. Ra6 Nd2+
47. Kd3 Nxf3 48. Rxa5+ Ne5+ 49. Ke3 Rb3+ 50. Ke2 Rc3 51. Rb5 Ke4 52. Rb4+ Rc4
53. Rb8 f5 54. Re8 f4 55. Kd2 f3 56. Rf8 Ra4 57. Rf6 Ra2+ 58. Kd1 Ke3 59. Rf5
Ra1+ 60. Kc2 f2 61. Rxe5+ Kd4 62. Rf5 f1=Q 63. Rxf1 Rxf1 64. Kb3 Rc1 65. Kb2 Rc3
66. Kb1 Kc4 67. Kb2 Kb4 68. Ka2 Rc2+ 69. Ka1 Kb3 70. Kb1 Rc3 0-1

[Event "42nd Olympiad 2016"]
[Site "Baku AZE"]
[Date "2016.09.12"]
[Round "10.85"]
[Board "4"]
[White "Mikheev, Stanislav"]
[Black "Mapini, Otsile"]
[Result "1-0"]
[WhiteTitle "IM"]
[WhiteElo "2283"]
[BlackElo "1972"]
[WhiteTeam "IPCA"]
[BlackTeam "Botswana"]
[WhiteFideId "4135920"]
[BlackFideId "11304553"]
[EventDate "2016.09.02"]

1. d4 d5 2. c4 e6 3. Nf3 c6 4. cxd5 exd5 5. Nc3 Bf5 6. Bf4 Nd7 7. e3 Ngf6 8. h3
Be7 9. Bd3 Bxd3 10. Qxd3 O-O 11. O-O Re8 12. Bh2 Bf8 13. Nd2 Qe7 14. b4 b5 15.
a4 a6 16. Rfb1 Nb6 17. a5 Nc4 18. Nxc4 bxc4 19. Qc2 Ne4 20. Na4 Qd8 21. Nc5 Ra7
22. f3 Nf6 23. Qa4 Bd6 24. Qxc6 Bxh2+ 25. Kxh2 Rxe3 26. Re1 Qe7 27. Qc8+ Ne8 28.
Rxe3 Qxe3 29. Nxa6 Re7 30. Qc5 Nf6 31. Qd6 Re6 32. Qb8+ Re8 33. Qc7 Qxd4 34. Rg1
Qb2 35. Qf4 h5 36. Nc7 Rd8 37. a6 Qf2 38. b5 h4 39. Rd1 c3 40. Ra1 Nh5 41. Qg4
Qg3+ 42. Qxg3 hxg3+ 43. Kg1 d4 44. Nd5 c2 45. Kf1 Re8 46. Nb4 Nf4 47. Nxc2 Re2
48. a7 Rf2+ 49. Ke1 Nxg2+ 50. Kd1 Nh4 51. a8=Q+ Kh7 52. Qe4+ Ng6 53. Ne1 Rf1 54.
f4 Rf2 55. f5 Nf4 56. f6+ g6 57. Qxd4 Nh5 58. Ra7 Rxf6 59. Qxf6 1-0

[Event "42nd Olympiad Open 2016"]
[Site "Baku AZE"]
[Date "2016.09.13"]
[Round "11.9"]
[White "Fressinet, Laurent"]
[Black "Hracek, Zbynek"]
[Result "1-0"]
[WhiteElo "2664"]
[BlackElo "2591"]
[EventDate "2016.09.02"]
[Board "3"]
[WhiteFideId "608742"]
[WhiteTeam "France"]
[BlackFideId "300071"]
[BlackTeam "Czech Republic"]

1. d4 Nf6 2. c4 e6 3. g3 d5 4. Bg2 Bb4+ 5. Nd2 O-O 6. Nf3 b6 7. O-O Bb7 8.
Ne5 Re8 9. Ndf3 Bd6 10. Ng5 Rf8 11. Qc2 h6 12. Ngf3 c5 13. dxc5 bxc5 14.
cxd5 exd5 15. b3 Re8 16. Bb2 d4 17. Nc4 Bf8 18. e3 Nc6 19. a3 dxe3 20. fxe3
Ne4 21. Nfe5 Nxe5 22. Bxe5 f6 23. Bxe4 Bxe4 24. Qxe4 fxe5 25. Rad1 Qc8 26.
Qd5+ Qe6 27. e4 Rab8 28. Rf3 Qxd5 29. Rxd5 Rb7 30. Kf2 Reb8 31. Rdd3 Be7
32. Ke2 Bf6 33. Kd1 Kh7 34. Kc2 Kg6 35. Rd6 Re7 36. h3 h5 37. Rf5 Kh6 38.
g4 hxg4 39. hxg4 1-0

[Event "42nd Olympiad Open 2016"]
[Site "Baku AZE"]
[Date "2016.09.13"]
[Round "11.10"]
[White "Ibarra Jerez, Jose Carlos"]
[Black "Swiercz, Dariusz"]
[Result "1/2-1/2"]
[WhiteElo "2566"]
[BlackElo "2639"]
[EventDate "2016.09.02"]
[Board "4"]
[WhiteFideId "2226332"]
[WhiteTeam "Spain"]
[BlackFideId "1126881"]
[BlackTeam "Poland"]

1. e4 c5 2. Nf3 d6 3. d4 cxd4 4. Nxd4 Nf6 5. Nc3 a6 6. Qd3 Nbd7 7. Bg5 h6
8. Bh4 g6 9. O-O-O e5 10. Nb3 Be7 11. Be2 Qc7 12. a4 b6 13. g4 Bb7 14. f3
Rc8 15. Rd2 Nxe4 16. Nxe4 Bxe4 17. Qxe4 Bxh4 18. Bxa6 Bg5 19. Bxc8 Qxc8 20.
Rd1 O-O 21. Kb1 Nf6 22. Qb4 Bxd2 23. Rxd2 Qc6 24. Qxd6 Qxf3 25. Qxb6 e4 26.
Nc1 e3 27. Rd8 Rxd8 28. Qxd8+ Kh7 29. a5 Ne4 30. Qd7 Qf1 31. Ka2 1/2-1/2

[Event "42nd Olympiad Open 2016"]
[Site "Baku AZE"]
[Date "2016.09.13"]
[Round "11.14"]
[White "Zhigalko, Andrey"]
[Black "Filippov, Anton"]
[Result "1/2-1/2"]
[WhiteElo "2591"]
[BlackElo "2582"]
[EventDate "2016.09.02"]
[Board "3"]
[WhiteFideId "13502247"]
[WhiteTeam "Belarus"]
[BlackFideId "14200988"]
[BlackTeam "Uzbekistan"]

1. e4 e5 2. Nf3 Nc6 3. Bb5 a6 4. Ba4 Nf6 5. O-O Be7 6. Re1 b5 7. Bb3 O-O 8.
c3 d6 9. h3 Na5 10. Bc2 c5 11. d4 Qc7 12. Nbd2 Nc6 13. d5 Nd8 14. a4 Rb8
15. b4 Bd7 16. bxc5 Qxc5 17. axb5 axb5 18. Ba3 Qxc3 19. Re3 Qc7 20. Bb4 Be8
21. Rc3 Qd7 22. Nb3 Nb7 23. Bd3 Bd8 24. Rc6 Qe7 25. Ra7 Bxc6 26. dxc6 Bb6
27. Rxb7 Rxb7 28. cxb7 Qxb7 29. Bxd6 Rd8 30. Bxe5 Nxe4 31. Nbd4 Nxf2 32.
Kxf2 Qd5 33. Qc2 f6 34. Bxh7+ Kh8 35. Be4 Qc4 36. Qxc4 bxc4 37. Ke2 fxe5
38. Nc6 Ra8 39. Nfxe5 Ra2+ 40. Kf3 Rf2+ 41. Kg4 c3 42. Nb4 Re2 43. Kf5 Bc7
44. Nf7+ Kh7 45. Ng5+ Kh6 46. Nf7+ Kh7 47. Ng5+ Kh6 48. Kg4 g6 49. Nc2 Bd8
50. Nf7+ Kg7 51. Nxd8 Rxe4+ 52. Kf3 Re8 53. Nc6 Kf6 54. N6d4 Kg5 55. Ne3
Kh4 56. Kf2 Rf8+ 57. Nf3+ Kh5 58. Ke2 Rd8 59. Nc2 g5 60. g4+ Kg6 61. Ncd4
Rh8 62. Ng1 Rd8 63. Kd3 c2 64. Ne2 Rh8 65. Nxc2 Rxh3+ 66. Ne3 Rh8 67. Nd4
Ra8 68. Nd5 Ra1 69. Ke4 Ra4 70. Ke5 Kf7 71. Nc3 Ra5+ 72. Ke4 Kg6 73. Nf3
Ra3 74. Ne5+ Kf6 75. Nd5+ Ke6 76. Nf3 Ra4+ 77. Nd4+ Kf7 78. Ke5 Kg6 79.
Ne7+ 1/2-1/2

[Event "42nd Olympiad Open 2016"]
[Site "Baku AZE"]
[Date "2016.09.13"]
[Round "11.16"]
[White "Vasquez Schroeder, Rodrigo"]
[Black "Maghsoodloo, Parham"]
[Result "0-1"]
[WhiteElo "2546"]
[BlackElo "2566"]
[EventDate "2016.09.02"]
[Board "2"]
[WhiteFideId "3400042"]
[WhiteTeam "Chile"]
[BlackFideId "12539929"]
[BlackTeam "Iran"]

1. e4 c5 2. Nf3 d6 3. Bb5+ Nd7 4. O-O Nf6 5. Re1 a6 6. Bd3 b5 7. c3 Bb7 8.
Bc2 e5 9. d4 Be7 10. d5 c4 11. b4 O-O 12. a4 Nb6 13. Na3 Qd7 14. Be3 Nxa4
15. Bxa4 Nxe4 16. Bc2 Nxc3 17. Bxh7+ Kxh7 18. Qc2+ Kg8 19. Qxc3 Bxd5 20.
Bb6 Qb7 21. Ba5 f5 22. Red1 Rf6 23. Nc2 Rg6 24. Nce1 Re8 25. Ra2 f4 26. h3
Re6 27. Nh2 Bc6 28. Qc2 Rf8 29. Nef3 Be4 30. Qe2 d5 31. Ng4 Rf5 32. Qe1 d4
33. Ngh2 d3 34. Rc1 Bd5 35. Ra3 Bf6 36. Qd1 e4 37. Nh4 Bxh4 38. Qg4 Bxf2+
39. Kxf2 e3+ 40. Kg1 d2 41. Raa1 Qf7 0-1

[Event "42nd Olympiad Open 2016"]
[Site "Baku AZE"]
[Date "2016.09.13"]
[Round "11.17"]
[White "Bachmann, Axel"]
[Black "Bogner, Sebastian"]
[Result "1/2-1/2"]
[WhiteElo "2641"]
[BlackElo "2559"]
[EventDate "2016.09.02"]
[Board "2"]
[WhiteFideId "3700488"]
[WhiteTeam "Paraguay"]
[BlackFideId "4692055"]
[BlackTeam "Switzerland"]

1. e4 c5 2. Nf3 d6 3. Bb5+ Nd7 4. c3 Nf6 5. Qe2 a6 6. Ba4 b5 7. Bc2 Bb7 8.
O-O e5 9. a4 Be7 10. d3 O-O 11. Bg5 h6 12. Bh4 Nh5 13. Bxe7 Qxe7 14. Nbd2
Nf4 15. Qd1 f5 16. axb5 fxe4 17. dxe4 axb5 18. Rxa8 Bxa8 19. g3 Nh3+ 20.
Kg2 Qe6 21. Ng1 Nxg1 22. Kxg1 Bc6 23. Kh1 Kh8 24. Kg1 Kg8 25. Kh1 Kh8 26.
Kg1 1/2-1/2

[Event "42nd Olympiad Open 2016"]
[Site "Baku AZE"]
[Date "2016.09.13"]
[Round "11.21"]
[White "Smirnov, Anton"]
[Black "Barcenilla, Rogelio"]
[Result "1-0"]
[WhiteElo "2482"]
[BlackElo "2455"]
[EventDate "2016.09.02"]
[Board "4"]
[WhiteFideId "3208923"]
[WhiteTeam "Australia"]
[BlackFideId "5200059"]
[BlackTeam "Philippines"]

1. d4 Nf6 2. c4 g6 3. Nc3 Bg7 4. e4 d6 5. Nf3 O-O 6. Be2 e5 7. O-O Nc6 8.
d5 Ne7 9. Ne1 Nd7 10. f3 f5 11. g4 Kh8 12. Nd3 Ng8 13. Kh1 Bh6 14. Bxh6
Nxh6 15. exf5 gxf5 16. Qd2 f4 17. Nf2 Nf7 18. Bd3 Rg8 19. Rg1 a6 20. Nfe4
Nf6 21. Qf2 Nxe4 22. Nxe4 Ng5 23. Nxg5 Qxg5 24. c5 Qd8 25. Rac1 Rg7 26. Rc2
Bd7 27. Rgc1 Be8 28. cxd6 Qxd6 29. Qc5 Bg6 30. Qxd6 cxd6 31. Bxg6 hxg6 32.
g5 Re8 33. Kg2 e4 34. Rc8 Re7 35. Rxe8+ Rxe8 36. fxe4 Rxe4 37. Kf3 Rd4 38.
Rc8+ Kg7 39. Rc7+ Kf8 40. Rxb7 Rxd5 41. Kxf4 Rd2 42. h3 Rd4+ 43. Kf3 Rd3+
44. Ke4 Rxh3 45. Rb6 Rh2 46. Kd5 Rg2 47. Kxd6 Rxg5 48. Rxa6 Rb5 49. b3 g5
50. Ra4 Kf7 51. Rc4 Kf6 52. b4 Rf5 53. a4 Rf4 54. Kd5 Rf5+ 55. Kc6 Rf4 56.
Kb5 Rf5+ 57. Kb6 Rf4 58. Rc6+ Kf5 59. Kb5 g4 60. a5 g3 61. Rc1 Ke4 62. a6
Rf5+ 63. Kb6 Rf6+ 64. Ka5 Rf7 65. b5 Kd4 66. b6 g2 67. b7 Rf5+ 68. Ka4 1-0